000 00370nam a2200157Ia 4500
003 OSt
005 20240222124223.0
008 170524s9999 xx 000 0 und d
020 _a978-8126511150
040 _cIIMT UNIVERSITY
100 _aDAMODARAN ASWATH
100 _c2012
245 0 _aCORPORATE FINANCE: THEORY AND PRACTICE
260 _aWILEY
942 _2ddc
_c01
999 _c2973
_d2973